Les 108 clubs en Coupe d'Europe - Statistiques

Statistiques générales
  • Ce quiz a été pris 59 fois
  • Le résultat moyen est 66 sur 108
Statistiques - réponses
Compétition Pays Club % Correct
Ligue des Champions Angleterre Arsenal
100%
Ligue des Champions Espagne FC Barcelone
100%
Ligue des Champions Angleterre Manchester City
100%
Ligue des Champions France Olympique de Marseille
100%
Ligue des Champions France Paris Saint-Germain
100%
Ligue des Champions Espagne Real Madrid
100%
Ligue des Champions Espagne Atletico Madrid
98%
Ligue des Champions Allemagne Bayer Leverkusen
98%
Ligue des Champions Allemagne Bayern Munich
98%
Ligue des Champions Portugal Benfica
98%
Ligue des Champions Italie Inter Milan
98%
Ligue des Champions Italie Juventus
98%
Ligue Europa France Lille OSC
98%
Ligue des Champions Angleterre Liverpool
98%
Ligue Europa France Olympique Lyonnais
98%
Ligue des Champions Angleterre Tottenham Hotspurs
98%
Ligue des Champions France AS Monaco
96%
Ligue des Champions Allemagne Borussia Dortmund
96%
Ligue des Champions Angleterre Chelsea
96%
Ligue des Champions Italie Naples
94%
Ligue des Champions Portugal Sporting Portugal
94%
Ligue des Champions Espagne Villarreal
94%
Ligue des Champions Pays-Bas Ajax Amsterdam
92%
Ligue Europa Portugal Porto
92%
Ligue des Champions Angleterre Newcastle
90%
Ligue Europa France OGC Nice
90%
Ligue Europa Angleterre Aston Villa
88%
Ligue des Champions Pays-Bas PSV Eindhoven
88%
Ligue Conference France RC Strasbourg
88%
Ligue des Champions Espagne Athletic Club
86%
Ligue des Champions Norvège FK Bodø/Glimt
86%
Ligue des Champions Turquie Galatasaray
86%
Ligue Conference Angleterre Crystal Palace
80%
Ligue des Champions Italie Atalanta
78%
Ligue des Champions Danemark Copenhague
78%
Ligue des Champions Grèce Olympiakos
78%
Ligue Europa Italie AS Roma
76%
Ligue Europa Ecosse Celtic
76%
Ligue Conference Italie Fiorentina
76%
Ligue des Champions Chypre Paphos
74%
Ligue des Champions Azerbaïdjan Qarabag
74%
Ligue Europa Espagne Betis Séville
72%
Ligue des Champions Belgique Club Bruges
72%
Ligue des Champions Allemagne Eintracht Francfort
72%
Ligue des Champions Belgique Union Saint Gilloise
72%
Ligue Europa Portugal Braga
70%
Ligue Europa Turquie Fenerbahçe
70%
Ligue Europa Ecosse Rangers
70%
Ligue des Champions R.Tchèque Slavia Prague
70%
Ligue Europa Pays-Bas Feyenoord
68%
Ligue des Champions Kazakhstan Kairat Almaty
68%
Ligue Conference R.Tchèque Sparta Prague
68%
Ligue Conference Pays-Bas AZ Alkmaar
64%
Ligue Europa Italie Bologne
64%
Ligue Europa Croatie Dinamo Zagreb
64%
Ligue Europa Serbie Etoile Rouge de Belgrade
64%
Ligue Europa Grèce Panathinaikos
64%
Ligue Europa Espagne Celta Vigo
62%
Ligue Europa Suisse FC Bâle
62%
Ligue Europa Grèce PAOK
62%
Ligue Europa Allemagne Stuttgart
62%
Ligue Europa Angleterre Nottingham Forest
60%
Ligue Conference Pologne Legia Varsovie
58%
Ligue Europa Suisse Young Boys
58%
Ligue Europa Suède Malmö
56%
Ligue Europa Belgique Genk
54%
Ligue Europa Israël Maccabi Tel-Aviv
54%
Ligue Conference Grèce AEK Athènes
52%
Ligue Europa Allemagne Fribourg
52%
Ligue Conference Ukraine Dynamo Kiev
50%
Ligue Europa Hongrie Ferencvaros
48%
Ligue Conference Ukraine Shakhtar Donetsk
44%
Ligue Europa Pays-Bas Utrecht
44%
Ligue Europa Pays-Bas GA Eagles
42%
Ligue Conference Ecosse Aberdeen
40%
Ligue Europa Bulgarie Ludogorets
40%
Ligue Conference Allemagne Mainz 05
38%
Ligue Conference Autriche Rapid Vienne
38%
Ligue Conference Suisse Lausanne-Sport
34%
Ligue Conference Pologne Lech Poznań
34%
Ligue Europa Danemark Midtjylland
34%
Ligue Conference Espagne Rayo Vallecano
34%
Ligue Europa Autriche RB Salzburg
34%
Ligue Europa Autriche Sturm Graz
34%
Ligue Europa R.Tchèque Viktoria Plzen
34%
Ligue Europa Roumanie FCSB
32%
Ligue Conference Slovaquie Slovan Bratislava
32%
Ligue Conference Croatie HNK Rijeka
30%
Ligue Europa Norvège Brann
28%
Ligue Conference Irlande Shamrock Rovers
26%
Ligue Conference Gibraltar Lincoln FC
24%
Ligue Conference Chypre AEK Larnaca
20%
Ligue Conference Arménie FC Noah
20%
Ligue Conference Slovénie NK Celje
20%
Ligue Conference Pologne Raków Częstochowa
20%
Ligue Conference Turquie Samsunspor
20%
Ligue Conference Bosnie-Herzégovine Zrinjski Mostar
20%
Ligue Conference Pologne Jagiellonia Białystok
18%
Ligue Conference Chypre Omónia Nicosie
18%
Ligue Conference Roumanie CSU Craiova
16%
Ligue Conference Suède BK Häcken
12%
Ligue Conference Islande Breidablik
12%
Ligue Conference Malte Hamrun Spartans
12%
Ligue Conference Kosovo KF Drita
12%
Ligue Conference Irlande Shelbourne FC
12%
Ligue Conference Macédoine du Nord FK Shkëndija
10%
Ligue Conference R.Tchèque Sigma Olomouc
10%
Ligue Conference Finlande KuPS
8%
Aucun quiz correspondant
Distribution des résultats
% des personnes avec chaque résultat
Percentile par nombre de réponses
Votre historique - résultats
Vous n’avez pas pris ce quiz